| 000 | 00495nam a2200145 a 4500 | ||
|---|---|---|---|
| 008 | 120416s0000 ||||||||||||||||| || u | ||
| 020 | _a0435966006 | ||
| 050 | _aHN 814.T3 Shi | ||
| 100 | _aShivji, Issa G | ||
| 245 | 1 | 0 | _aClass struggles in Tanzania |
| 260 |
_aLondon _bHeineman _c1976 |
||
| 300 | _ax, 182p. : ill | ||
| 350 | _a0.00 | ||
| 995 |
_D0.00 _FCBU-MAIN LIBRARY (Kitwe) _H1 _I4.95 _M1 _UAVAILABLE _ZMain Library Open Access Collection |
||
| 999 |
_c37531 _d37531 |
||